000 01182nam a2200229Ia 4500
001 9203
003 GE_BSU
008 181216s||||||||xx |||||||||||||| ||und||
020 _a9789941936814.
040 _cGE_BSU
080 _a316.42+339.924
100 _aგორგაძე,გიორგი
245 _aგანვითარებადი ქვეყნების სოცალურ-ეკონომიკური პრობლემები გლობალიზაციის პირობებში და მათი დაძლევის გზები.
245 _cრედ:ნანული არევაძე
260 _aთბილისი.
260 _bგამ-ბა სვეტი.
260 _c2014
300 _a178გვ;20სმ.
300 _bბიბლოიგრაფ.გვ:158-177
653 _aგანვითარებადი ქვეყნების სოცალურ-ეკონომიკური პრობლემები გლობალიზაციის პირობებში და მათი დაძლევის გზები.
942 _cBK
999 _c42506
_d42506